00293nam a2200109Ia 4500008004100000020001400041040002900055050002500084100002200109245002200131260003000153221216s9999||||xx |||||||||||||| ||und|| a826448178 cChuka University Library aLB 3011 b.K569 2001 aKinsler, Kimberly 0areforming schools aContinuumbNew yorkc2001